000 00625nam a2200193 a 4500
001 000010477
005 20240412074219.0
008 091007s1973 dr a 000 p spa d
040 _aDO-SdBNP
_bspa
_cBNPHU
082 _aRD861.44
_bM358e
100 1 _aMarra de Alvarez, Gilda
_925480
245 1 0 _aEstatuario espiritual /
_cGilda Marra de Alvarez.
260 _aSanto Domingo :
_bDirectorio Comercial e Industrial,
_c1973.
300 _a106 p. :
_bil. ;
_c24 cm.
590 _aInventariado, 2019/MFF
650 0 _aPoesía dominicana
_966
650 0 _aLiteratura dominicana.
_967
910 _aValidado. Control de calidad MFF
999 _c10236
_d10236